ARRUPE JESUIT UNIVERSITY

CORONAVIRUS -STOP THE SPREAD - CLEAN,DISINFECT,COVER

Jesus among friends and enemies : (Record no. 129097)

MARC details
000 -LEADER
fixed length control field 02765cam a22003494a 4500
001 - CONTROL NUMBER
control field 16804820
003 - CONTROL NUMBER IDENTIFIER
control field ARRUPE
005 - DATE AND TIME OF LATEST TRANSACTION
control field 20190222100138.0
008 - FIXED-LENGTH DATA ELEMENTS--GENERAL INFORMATION
fixed length control field 110601s2011 miuab b 001 0ceng
010 ## - LIBRARY OF CONGRESS CONTROL NUMBER
LC control number 2011022323
020 ## - INTERNATIONAL STANDARD BOOK NUMBER
International Standard Book Number 9780801038952 (pbk.)
020 ## - INTERNATIONAL STANDARD BOOK NUMBER
International Standard Book Number 0801038952 (pbk.)
035 ## - SYSTEM CONTROL NUMBER
System control number (OCoLC)ocn699760371
040 ## - CATALOGING SOURCE
Original cataloging agency DLC
Transcribing agency DLC
Modifying agency YDX
-- BTCTA
-- YDXCP
-- KAT
-- BWX
-- CDX
-- XPQ
-- BDX
-- DLC
042 ## - AUTHENTICATION CODE
Authentication code pcc
050 00 - LIBRARY OF CONGRESS CALL NUMBER
Classification number BT340
Item number .J47 2011
082 00 - DEWEY DECIMAL CLASSIFICATION NUMBER
Classification number 232.9/01
Edition number 23
300 ## - PHYSICAL DESCRIPTION
Other physical details ill., map ;
Dimensions 23 cm.
245 00 - TITLE STATEMENT
Title Jesus among friends and enemies :
Remainder of title a historical and literary introduction to Jesus in the Gospels /
Statement of responsibility, etc edited by Chris Keith and Larry W. Hurtado.
260 ## - PUBLICATION, DISTRIBUTION, ETC. (IMPRINT)
Place of publication, distribution, etc Grand Rapids, Mich. :
Name of publisher, distributor, etc Baker Academic,
Date of publication, distribution, etc c2011.
300 ## - PHYSICAL DESCRIPTION
Extent xxiii, 328 p. :
504 ## - BIBLIOGRAPHY, ETC. NOTE
Bibliography, etc Includes bibliographical references and indexes.
505 0# - FORMATTED CONTENTS NOTE
Formatted contents note Jesus outside and inside the New Testament / Chris Keith -- God and angels / Edith M. Humphrey -- John the Baptist / Michael F. Bird -- The disciples / Warren Carter -- The family of Jesus / Richard J. Bauckham -- Other friends of Jesus : Mary Magdalene, the Bethany family, and the beloved disciple / Dieter T. Roth -- Secret disciples : Nicodemus and Joseph of Arimathea / David M. Allen -- Satan and demons / Loren T. Stuckenbruck -- The jewish leaders / Anthony Le Donne -- Political authorities : the Herods, Caiaphas, and Pontius Pilate / Helen K. Bond -- Judas Iscariot : the betrayer of Jesus / Holly J. Carey -- Epilogue : seeking the historical Jesus among friends and enemies / Chris Keith with Larry W. Hurtado.
520 8# - SUMMARY, ETC.
Summary, etc "This engaging text offers a fresh alternative to standard introductions to Jesus. Combining literary and sociohistorical approaches and offering a tightly integrated treatment, a team of highly respected scholars examines how Jesus's friends and enemies respond to him in the Gospel narratives. It is the first book to introduce readers to the rich portraits of Jesus in the Gospels by surveying the characters who surround him in those texts--from John the Baptist, the disciples, and the family of Jesus to Satan, Pontius Pilate, and Judas Iscariot (among others)" -- Publisher description.
600 00 - SUBJECT ADDED ENTRY--PERSONAL NAME
Personal name Jesus Christ
General subdivision Friends and associates
Form subdivision Biography.
9 (RLIN) 44871
600 00 - SUBJECT ADDED ENTRY--PERSONAL NAME
Personal name Jesus Christ
General subdivision Historicity.
9 (RLIN) 558
600 00 - SUBJECT ADDED ENTRY--PERSONAL NAME
Personal name Jesus Christ
Form subdivision Biography.
9 (RLIN) 15651
630 00 - SUBJECT ADDED ENTRY--UNIFORM TITLE
Uniform title Bible.
Name of part/section of a work Gospels
Form subdivision Biography.
9 (RLIN) 44872
700 1# - ADDED ENTRY--PERSONAL NAME
Personal name Keith, Chris.
9 (RLIN) 44873
700 1# - ADDED ENTRY--PERSONAL NAME
Personal name Hurtado, Larry W.,
Dates associated with a name 1943-
9 (RLIN) 44874
906 ## - LOCAL DATA ELEMENT F, LDF (RLIN)
a 7
b cbc
c orignew
d 1
e ecip
f 20
g y-gencatlg
942 ## - ADDED ENTRY ELEMENTS (KOHA)
Source of classification or shelving scheme Library of Congress Classification
Koha item type Monograph ( Printed materials)
Holdings
Withdrawn status Lost status Source of classification or shelving scheme Damaged status Not for loan Collection code Home library Current library Shelving location Date acquired Total Checkouts Full call number Barcode Date last seen Price effective from Koha item type
    Library of Congress Classification     Main Collection ARRUPE LIBRARY ARRUPE LIBRARY Main Collection 22/02/2019   BT340 .J47 2011 46600003951 22/02/2019 22/02/2019 Monograph ( Printed materials)

 

Arrupe Library. PO Box MP320 Mt Pleasant, Harare, Zimbabwe
263 242 745411|librarian@aju.ac.zw